Plant regulators in agriculture. (Record no. 19634)

MARC details
000 -LEADER
fixed length control field 00306nam a2200121Ia 4500
082 ## - DEWEY DECIMAL CLASSIFICATION NUMBER
Classification number 631.811.98
Item number TUK
100 ## - MAIN ENTRY--AUTHOR NAME
Personal name TUKEY, H B
245 #0 - TITLE STATEMENT
Title Plant regulators in agriculture.
260 ## - PUBLICATION, DISTRIBUTION, ETC. (IMPRINT)
Place of publication New York
Name of publisher Wiley&c1954
650 ## - SUBJECT ADDED ENTRY--TOPICAL TERM
Topical Term Plant regulators
942 ## - ADDED ENTRY ELEMENTS (KOHA)
Koha item type Books
Holdings
Withdrawn status Lost status Damaged status Not for loan Home library Current library Date acquired Full call number Accession Number Koha item type
        RRII Library RRII Library 16/12/2021 631.811.98 TUK 00367 Books